000 00314nam a2200133Ia 4500
005 20251222144856.0
008 251222s9999||||xx |||||||||||||| ||spa||
020 _a950-808-335-2
082 _a302.4/F72
100 _aFollari, Roberto A.
245 0 _aTeorías débiles:
264 _bHomo Sapiens
942 _cLIB
999 _c21807
_d21807